| 000 | 008490000a22001930004500 | ||
|---|---|---|---|
| 041 | 0 | _aSPA | |
| 082 | 0 | 4 | _aG 230.011 L7221d |
| 100 | 1 | _aLiévano, M. Francisco | |
| 245 | 1 | 0 | _aDoctrinas y practicas cristianas : Quince colecciones para estudiar desde el día de la conversión hasta el día del bautismo / M. Francisco Liévano R |
| 260 | _aMaracay, Venezuela : ADIEL | ||
| 300 | _a130 Pag | ||
| 505 | 0 | 0 | _a- Usted - El pecado - La Salvación - Cristo - El Espíritu Santo - La Santisima Trinidad - La Biblia - La vida cristiana - Las dos naturalezas - Conducta cristiana - La iglesia - Las ordenazas del Señor - Evangelismo - A las puertas dela eternidad |
| 650 | 1 | 4 | _aTEOLOGIA DOGMATICA |
| 001 | 3310 | ||
| 942 | _cBK | ||
| 999 |
_c33989 _d33989 |
||
| 336 |
_atexto _btxt _2rdacontent |
||
| 337 |
_2rdamedia _asin mediación _bn |
||
| 338 |
_2rdacarrier _avolumen _bnc |
||